00861nam a22002657a 450000500170000000800410001702000180005804000270007604100080010304400070011108200180011810000200013624500810015626000400023730000290027753400690030665000440037565000390041965000320045865000210049065000120051165000170052365000140054065000410055420200104041801.0171220b2017 SP ||||| |||| 00| 0 spa d a9788494379048 aCO-BoIAVH cCO-BoIAVH  aspa asp a333.911bS57l1 aSiegel, Seth M.2 aLa solución de Israel para un mundo hambriento de Agua: bhágase el Agua aEspaña:bNagrela Editores,c2017. a267 páginasc24 x 16cm tLet there be Water. Israel¨s solution for a Water starved world16aRecurso hidrícoxProtecciónzIsrael16aRecursos naturalesxConservación16aAcueducto municipalzIsrael16aDesalinización16aCiencia16aIngeniería16aAlquimia 16aResiduos del AguaxTransformación